Introduction to marine biology
Uloženo v:
| Hlavní autor: | |
|---|---|
| Médium: | Kniha |
| Jazyk: | Undetermined |
| Vydáno: |
Belmont, CA
Thomson Brooks/Cole
2006
|
| Témata: | |
| Tagy: |
Přidat tag
Žádné tagy, Buďte první, kdo otaguje tento záznam!
|
| Thư viện lưu trữ: | Trung tâm Học liệu Trường Đại học Cần Thơ |
|---|
| LEADER | 00548nam a2200193Ia 4500 | ||
|---|---|---|---|
| 001 | CTU_128268 | ||
| 008 | 210402s9999 xx 000 0 und d | ||
| 020 | |c 1830000 | ||
| 082 | |a 578.77 | ||
| 082 | |b K18 | ||
| 100 | |a Karleskint, George | ||
| 245 | 0 | |a Introduction to marine biology | |
| 245 | 0 | |c George Karleskint, Jr., Richard Turner, James W. Small, Jr. | |
| 260 | |a Belmont, CA | ||
| 260 | |b Thomson Brooks/Cole | ||
| 260 | |c 2006 | ||
| 650 | |a Marine biology. | ||
| 904 | |i Minh | ||
| 980 | |a Trung tâm Học liệu Trường Đại học Cần Thơ | ||